Die Hieroglyphen (Запис номер 88509)
[ съкратено ]
| 000 -Лидер | |
|---|---|
| Контролно поле с фиксирана дължина | 01116nam a2200337 c 4500 |
| 003 - Код на организацията, давaща контролен номер | |
| Контролно поле | BLK |
| 005 - Дата и час на последна редакция | |
| Контролно поле | 20191018115153.0 |
| 008 - Елементи от данни с фиксирана дължина | |
| fixed length control field | 180408b bul|||||r ||||||| ||bul|| |
| 010 ## - Наследен системен номер | |
| LC control number | KNG00093202000 |
| 040 ## - Източник на каталожния запис | |
| Идентификатор на билиотеката - собственик на записа | BLK |
| 041 ## - Код за език | |
| Код за езика на текст/звукозапис или на отделно заглавие | Немски |
| Код за езика КДБФ | Немски |
| 072 #7 - Код за тематичната категория | |
| Код организация | bullib |
| Код за тематична категория | А |
| Текст | Фонд Михаил Арнаудов |
| 080 ## - УДК | |
| Текстов определител УДК | Идеографическа и логографическа писменост - Египетски иероглифи, клиново писмо и др. |
| УДК код - определител по УДК | 003.32 |
| УДК - код + определител | 003.32 |
| 100 1# - Редна дума - Автор | |
| Автор | Erman, Adolf |
| Авторска отговорност | първи автор |
| R(LIN) | 303207 |
| 139 ## - Редно поле | |
| Редна дума | Erman, Adolf |
| Авторски знак | Erm - E 70 |
| 245 10 - Сведения за заглавието | |
| Заглавие | Die Hieroglyphen |
| Редно поле (дума) | Adolf Erman. |
| 257 ## - Страна на издаване | |
| Страна на създаване/издаване | Германия |
| 260 ## - Област на издателските данни | |
| Име на издателя, разпространителя и проч. | G. J. Goschen |
| Година на издаване | 1917 |
| 300 ## - Физическа характеристика | |
| Страници | 92 p. |
| Размери/Мащаб | 16 cm |
| 380 ## - Жанр | |
| Жанр | Общ отдел |
| 490 1# - СЕРИИ (Колекции) | |
| Име на серия | Sammlung Goschen |
| №: серия | 608 |
| 490 ## - СЕРИИ (Колекции) | |
| Име на серия | Частна колекция - Академик Михаил Арнаудов |
| 9 (RLIN) | 396381 |
| Бележки за серията | Дарение - Основен фонд |
| 500 ## - Общи забележки | |
| Забележка | Мека подв. |
| 650 #4 - Допълнително описание по предмет – тема | |
| Основно описание – тема или топоним | Йероглифи |
| 9 (RLIN) | 158009 |
| 653 ## - Ключова дума – ненормативна | |
| Ключова дума | йероглифи |
| 659 ## - Тематичен бюлетин | |
| Тематичен бюлетин | А |
| 852 ## - Местоположение | |
| Форматна сигнатура | Цб МА 1799 |
| 856 4# - Електронен адрес и достъп | |
| Електронен формат | pdf - файл |
| 856 4# - Електронен адрес и достъп | |
| Електронен формат | pdf - файл |
| 999 ## - СИСТЕМНИ КОНТРОЛНИ НОМЕРА | |
| Koha biblionumber | 88509 |
| Koha biblioitemnumber | 88509 |
| 942 ## - АРТИКУЛИ | |
| Вид на библиотечния материал | Книги |
| Скрит в OPAC | Не |
| Периодичен библиозапис | Да |
| 944 ## - СЪЗДАВАНЕ И РЕДАКЦИЯ на ЗАПИСА | |
| Създаване/Редакция | Създаване |
| Дата на регистрацията/редакция | 11.01.2010 |
| Статус, дата на статуса | ф / |
| Служител, извършил регистрацията/редакцията | Валя_Йорданова |
| 944 ## - СЪЗДАВАНЕ И РЕДАКЦИЯ на ЗАПИСА | |
| Създаване/Редакция | Редакция |
| Дата на регистрацията/редакция | 31.08.2016 |
| Статус, дата на статуса | ф / |
| Служител, извършил регистрацията/редакцията | Людмила_Стоянова |
| 999 ## - СИСТЕМНИ КОНТРОЛНИ НОМЕРА | |
| Koha biblioitemnumber | 88509 |
| Код за отписване | Код за изгубен артикул | Източник на класификационната схема | Код за повреда | Коз за рестрикции | Код за отдаване | Артикулен № | Име на библиотеката - собственик | Име на библиотеката, в която се намира в момента | Статус (Текущо местоположение) | Дата на вписване в системата | Местоположение - отдел | Цена в лева | Инвентарен номер | Систематично азбучна сигнатура | Баркод | Номер на екземпляра | Цена в евро | Служебна бележка | Служебен тип на артикула |
|---|---|---|---|---|---|---|---|---|---|---|---|---|---|---|---|---|---|---|---|
| Не е изгубен | Universal Decimal Classification | Не е повреден | само за читалня | Специални фондове ( старопечатни, редки и ценни, фонд М. Арнаудов) | 143559 | Регионална библиотека "Любен Каравелов" Русе | Регионална библиотека "Любен Каравелов" Русе | Фонд "Михаил Арнаудов" | 2010-01-11 | Фонд "Михаил Арнаудов" | 30.00 | 120000740407 | МА 1799 | 120000740407 | 1 | 15.34 | Дост: DA Вид: А N: 1 Дата: 11.01.2010 | Книги |